[Event "Mexican op 70th"]
[Site "Mexico City"]
[Date "2025.04.16"]
[Round "3"]
[White "Tapie Amione, Pablo Adib"]
[Black "Lopez Rueda, Juan Pablo"]
[Result "1-0"]
[WhiteElo "2169"]
[BlackElo "1947"]
[PlyCount "51"]
[EventDate "2025.04.14"]
[EventType "swiss"]
[EventRounds "9"]
[EventCountry "MEX"]
[SourceTitle "CB17_2025"]
[SourceDate "2025.04.23"]
[SourceVersion "1"]
[SourceVersionDate "2025.04.23"]
[SourceQuality "1"]

1. e4 c5 2. Nf3 Nc6 3. Nc3 g6 4. d4 cxd4 5. Nxd4 Bg7 6. Be3 Nf6 7. Nb3 d6 8. Qd2 Ng4 9. Bf4 h6 10. f3 Nge5 11. 0-0-0 Be6 12. Kb1 g5 13. Bg3 Nc4 14. Qe1 b5 15. e5 N6xe5 16. Nxb5 Qb6 17. N5d4 Bd7 18. Qe4 Rc8 19. Nf5 Bxf5 20. Qxf5 e6 21. Qe4 d5 22. Qe2 Nxb2 23. Bxe5 Nxd1 24. Bxg7 Nc3+ 25. Bxc3 Rxc3 26. Qe5 1-0

[Event "Mexican op 70th"]
[Site "Mexico City"]
[Date "2025.04.14"]
[Round "1"]
[White "Fernandez, Daniel"]
[Black "Lopez Rueda, Juan Pablo"]
[Result "1-0"]
[WhiteElo "2424"]
[BlackElo "1947"]
[PlyCount "77"]
[EventDate "2025.04.14"]
[EventType "swiss"]
[EventRounds "9"]
[EventCountry "MEX"]
[SourceTitle "CB17_2025"]
[SourceDate "2025.04.23"]
[SourceVersion "1"]
[SourceVersionDate "2025.04.23"]
[SourceQuality "1"]

1. Nf3 d5 2. c4 c6 3. g3 Nf6 4. Bg2 e6 5. Qc2 Nbd7 6. 0-0 Be7 7. d4 Ne4 8. Nbd2 f5 9. b3 0-0 10. Bb2 Qe8 11. e3 g5 12. Nxe4 fxe4 13. Nd2 Nf6 14. f3 exf3 15. Bxf3 g4 16. Bg2 Bd7 17. e4 Qg6 18. Rae1 Bb4 19. Bc3 a5 20. a4 Nh5 21. Bxb4 axb4 22. Qd3 Rxf1+ 23. Nxf1 Nf6 24. Nd2 Rf8 25. Qe2 Qg7 26. e5 Nh5 27. Nf1 Kh8 28. c5 Be8 29. Ne3 Rg8 30. Qd2 Qg5 31. Qxb4 Ng7 32. Qxb7 h5 33. a5 h4 34. a6 Nh5 35. a7 hxg3 36. hxg3 Nxg3 37. a8Q Nh5 38. Qbc8 Qh4 39. Qxe8 1-0

[Event "Aguascalientes 2nd"]
[Site "Aguascalientes"]
[Date "2024.08.06"]
[Round "1"]
[White "Lopez Rueda, Juan Pablo"]
[Black "Mitkov, Nikola"]
[Result "0-1"]
[WhiteElo "1946"]
[BlackElo "2347"]
[PlyCount "78"]
[EventDate "2024.08.06"]
[EventType "swiss"]
[EventRounds "9"]
[EventCountry "MEX"]
[SourceTitle "CBM 221 Extra"]
[Source "ChessBase"]
[SourceDate "2024.09.30"]
[SourceVersion "1"]
[SourceVersionDate "2024.09.30"]
[SourceQuality "1"]

1. e4 e5 2. Nf3 Nc6 3. Bb5 a6 4. Ba4 g6 5. 0-0 Bg7 6. d3 b5 7. Bb3 Na5 8. Nc3 Ne7 9. Be3 Bb7 10. Qd2 0-0 11. Bh6 d6 12. Nd5 Nxb3 13. Nxe7+ Qxe7 14. axb3 Rfe8 15. Bxg7 Kxg7 16. Rfe1 c5 17. h3 h6 18. b4 f6 19. bxc5 dxc5 20. Nh2 h5 21. f4 Rad8 22. Nf3 exf4 23. Qxf4 Qd6 24. Qxd6 Rxd6 25. e5 fxe5 26. Rxe5 Rxe5 27. Nxe5 Kf6 28. Re1 a5 29. Kf2 a4 30. Re3 b4 31. Re1 Bd5 32. d4 cxd4 33. Nd3 Rb6 34. Nf4 Bf7 35. Ne2 b3 36. c3 d3 37. Nf4 Rd6 38. Rd1 a3 39. Nxd3 Bc4 0-1

[Event "Titled Tuesday intern op 29th Dec"]
[Site "Chess.com INT"]
[Date "2020.12.29"]
[Round "2"]
[White "Zhukov, Maksim"]
[Black "Lopez Rueda, Juan Pablo"]
[Result "1-0"]
[WhiteElo "2097"]
[BlackElo "1884"]
[PlyCount "77"]
[EventDate "2020.12.29"]
[EventType "swiss (blitz)"]
[EventRounds "11"]
[EventCountry "USA"]
[SourceTitle "CBM 200 Extra"]
[Source "ChessBase"]
[SourceDate "2021.03.31"]
[SourceVersion "1"]
[SourceVersionDate "2021.03.31"]
[SourceQuality "1"]

1. Nf3 Nf6 2. g3 g6 3. Bg2 Bg7 4. 0-0 0-0 5. d3 d5 6. Nc3 c5 7. e4 d4 8. Nb1 Nc6 9. a4 e5 10. Na3 Bg4 11. Nc4 b6 12. h3 Bxf3 13. Qxf3 Re8 14. Qe2 a6 15. a5 Nxa5 16. Nxa5 bxa5 17. b3 Rb8 18. Bd2 Rb5 19. Ra4 Nd7 20. Rfa1 Nb8 21. Bxa5 Qd6 22. Bd2 h6 23. h4 Kh7 24. h5 g5 25. Bh3 Bf8 26. Bf5+ Kg7 27. Qg4 Be7 28. Kg2 Rd8 29. f4 exf4 30. gxf4 f6 31. Be6 Rb6 32. Bc4 Kh8 33. Qf5 Bf8 34. Ba5 Bg7 35. Bxb6 Qxb6 36. Bxa6 Nxa6 37. Rxa6 Qb4 38. Ra8 Qd2+ 39. Kh1 1-0

[Event "Titled Tuesday intern op 22nd Dec"]
[Site "Chess.com INT"]
[Date "2020.12.22"]
[Round "2"]
[White "Ozdemir, Serhan Berat"]
[Black "Lopez Rueda, Juan Pablo"]
[Result "1-0"]
[WhiteElo "2191"]
[BlackElo "1884"]
[PlyCount "55"]
[EventDate "2020.12.22"]
[EventType "swiss (blitz)"]
[EventRounds "11"]
[EventCountry "USA"]
[SourceTitle "CBM 199 Extra"]
[Source "ChessBase"]
[SourceDate "2021.01.31"]
[SourceVersion "1"]
[SourceVersionDate "2021.01.31"]
[SourceQuality "1"]

1. e4 e5 2. Nf3 Nc6 3. d4 exd4 4. Bc4 d6 5. Nxd4 Bd7 6. 0-0 Nf6 7. Nc3 Be7 8. Bb3 0-0 9. h3 Nxd4 10. Qxd4 Be6 11. Bg5 h6 12. Bh4 c5 13. Qd3 Bxb3 14. axb3 Nd7 15. Bxe7 Qxe7 16. Rad1 Ne5 17. Qxd6 Rfe8 18. Qxe7 Rxe7 19. Rd5 b6 20. Rfd1 Rae8 21. f3 Nc6 22. Rd7 Nd4 23. Rxe7 Rxe7 24. Rd2 Rd7 25. Kf2 f6 26. Ne2 Rd8 27. Nxd4 cxd4 28. c3 1-0

[Event "Titled Tuesday intern op 15st Dec"]
[Site "Chess.com INT"]
[Date "2020.12.15"]
[Round "1"]
[White "Lopez Rueda, Juan Pablo"]
[Black "Hansch, Karsten"]
[Result "0-1"]
[WhiteElo "1884"]
[BlackElo "2300"]
[PlyCount "66"]
[EventDate "2020.12.15"]
[EventType "swiss (blitz)"]
[EventRounds "11"]
[EventCountry "USA"]
[SourceTitle "CBM 199 Extra"]
[Source "ChessBase"]
[SourceDate "2021.01.31"]
[SourceVersion "1"]
[SourceVersionDate "2021.01.31"]
[SourceQuality "1"]

1. e4 c6 2. d4 d5 3. Nc3 dxe4 4. Nxe4 Nf6 5. Nxf6+ exf6 6. Be3 Bd6 7. Qd2 0-0 8. Bd3 Re8 9. 0-0-0 Nd7 10. Kb1 Nf8 11. Nf3 Bg4 12. h3 Bxf3 13. gxf3 g6 14. h4 h5 15. Rhg1 Kh7 16. c3 f5 17. f4 Qxh4 18. Rh1 Qf6 19. Qc2 a5 20. Rdg1 a4 21. a3 Ne6 22. Qc1 Rad8 23. Rg3 Bb8 24. Rgh3 Ng7 25. Ka1 c5 26. dxc5 Rxd3 27. Bd4 Rxd4 28. cxd4 Qxd4 29. c6 Bxf4 30. Qc2 bxc6 31. Qxc6 Re2 32. Rc3 Qxf2 33. Rb1 Be5 0-1

[Event "Titled Tuesday intern op 15st Dec"]
[Site "Chess.com INT"]
[Date "2020.12.15"]
[Round "3"]
[White "Saulina, Varvara"]
[Black "Lopez Rueda, Juan Pablo"]
[Result "1-0"]
[WhiteElo "2240"]
[BlackElo "1884"]
[PlyCount "61"]
[EventDate "2020.12.15"]
[EventType "swiss (blitz)"]
[EventRounds "11"]
[EventCountry "USA"]
[SourceTitle "CBM 199 Extra"]
[Source "ChessBase"]
[SourceDate "2021.01.31"]
[SourceVersion "1"]
[SourceVersionDate "2021.01.31"]
[SourceQuality "1"]

1. e4 e5 2. Nf3 Nc6 3. Bb5 a6 4. Ba4 Nf6 5. d3 b5 6. Bb3 Be7 7. 0-0 0-0 8. c3 d6 9. h3 Na5 10. Bc2 c5 11. Re1 Qc7 12. Nbd2 Bd7 13. Nf1 h6 14. Ng3 Rfe8 15. a4 Bf8 16. Be3 g6 17. Nh2 Bg7 18. Ng4 Nxg4 19. hxg4 Nc6 20. Qd2 Kh7 21. f3 b4 22. Kf2 bxc3 23. bxc3 Rh8 24. Rh1 Kg8 25. Bxh6 Bxh6 26. Rxh6 Kg7 27. Rah1 Ne7 28. Bb3 f6 29. Rxh8 Rxh8 30. Rxh8 Kxh8 31. Qh6# 1-0

[Event "Titled Tuesday intern op 27th Oct"]
[Site "Chess.com INT"]
[Date "2020.10.27"]
[Round "6"]
[White "Lopez Rueda, Juan Pablo"]
[Black "Grochal, Joey"]
[Result "0-1"]
[WhiteElo "1884"]
[BlackElo "2335"]
[PlyCount "68"]
[EventDate "2020.10.27"]
[EventType "swiss (blitz)"]
[EventRounds "11"]
[EventCountry "USA"]
[SourceTitle "CBM 199 Extra"]
[Source "ChessBase"]
[SourceDate "2021.01.31"]
[SourceVersion "1"]
[SourceVersionDate "2021.01.31"]
[SourceQuality "1"]

1. e4 c5 2. Nf3 e6 3. Nc3 Nc6 4. g3 g6 5. Bg2 Bg7 6. 0-0 Nge7 7. d3 0-0 8. Re1 d6 9. Bg5 h6 10. Be3 Rb8 11. a4 Nd4 12. Qc1 Kh7 13. Ne2 Nxf3+ 14. Bxf3 Nc6 15. c3 b6 16. Qd2 Ba6 17. Red1 Re8 18. d4 Na5 19. Nc1 Nc4 20. Qe1 Nxb2 21. Rd2 Nc4 22. Rda2 Nxe3 23. Qxe3 cxd4 24. cxd4 Rc8 25. Ne2 Qg5 26. Qxg5 hxg5 27. Rd2 Rc4 28. a5 b5 29. Raa2 b4 30. Rab2 Rb8 31. Kg2 Rb5 32. e5 dxe5 33. dxe5 Bxe5 34. Rb3 Rxa5 0-1

[Event "Titled Tuesday intern op 13th Oct"]
[Site "Chess.com INT"]
[Date "2020.10.13"]
[Round "2"]
[White "Faizulaev, Akmal"]
[Black "Lopez Rueda, Juan Pablo"]
[Result "1-0"]
[WhiteElo "2378"]
[BlackElo "1884"]
[PlyCount "61"]
[EventDate "2020.10.13"]
[EventType "swiss (blitz)"]
[EventRounds "10"]
[EventCountry "USA"]
[SourceTitle "CBM 198 Extra"]
[Source "ChessBase"]
[SourceDate "2020.11.30"]
[SourceVersion "1"]
[SourceVersionDate "2020.11.30"]
[SourceQuality "1"]

1. d4 d5 2. c4 c6 3. Nc3 Nf6 4. cxd5 cxd5 5. Bf4 a6 6. e3 Nc6 7. Be2 g6 8. Rc1 Bg7 9. Nf3 0-0 10. 0-0 h6 11. h3 Be6 12. Na4 Nd7 13. a3 Rc8 14. b4 b5 15. Nc5 Nxc5 16. Rxc5 Qb6 17. Qb3 Rfd8 18. Rfc1 Na7 19. Bc7 Rxc7 20. Rxc7 Rc8 21. Rxc8+ Nxc8 22. a4 Nd6 23. axb5 axb5 24. Rc5 Nc4 25. Qa2 Qb7 26. Nd2 Kh7 27. Bf3 f6 28. Nxc4 bxc4 29. Qxc4 Qa7 30. Bxd5 Bf5 31. Rc7 1-0

[Event "Titled Tuesday intern op 06th Oct"]
[Site "Chess.com INT"]
[Date "2020.10.06"]
[Round "2"]
[White "Bologan, Viktor"]
[Black "Lopez Rueda, Juan Pablo"]
[Result "1-0"]
[WhiteElo "2574"]
[BlackElo "1884"]
[PlyCount "89"]
[EventDate "2020.10.06"]
[EventType "swiss (blitz)"]
[EventRounds "10"]
[EventCountry "USA"]
[SourceTitle "CBM 198 Extra"]
[Source "ChessBase"]
[SourceDate "2020.11.30"]
[SourceVersion "1"]
[SourceVersionDate "2020.11.30"]
[SourceQuality "1"]

1. e4 c5 2. Nf3 d6 3. d4 cxd4 4. Nxd4 Nf6 5. Nc3 g6 6. Be3 Bg7 7. f3 Nc6 8. Qd2 0-0 9. Bc4 Bd7 10. Bb3 Rc8 11. 0-0-0 Ne5 12. Kb1 Nc4 13. Bxc4 Rxc4 14. g4 b5 15. b3 Rc5 16. Ne6 fxe6 17. Bxc5 Qa5 18. Bd4 Qa3 19. e5 dxe5 20. Bxe5 Bc6 21. Qe2 Kh8 22. g5 Nh5 23. Bxg7+ Nxg7 24. Rhf1 Qc5 25. Ne4 Qf5 26. h4 a6 27. Qe3 Bd5 28. Qc3 Kg8 29. Rde1 Nh5 30. Qc7 Rf7 31. Ng3 Nxg3 32. Qxg3 a5 33. f4 a4 34. Re5 Qxe5 35. fxe5 Rxf1+ 36. Kb2 Rf3 37. Qe1 axb3 38. axb3 Rf4 39. Qa5 b4 40. Qd8+ Kf7 41. Qb6 Rf5 42. Qd4 Rf3 43. Qxb4 Rf2 44. Qd4 Rf5 45. c4 1-0

[Event "Titled Tuesday intern op 06th Oct"]
[Site "Chess.com INT"]
[Date "2020.10.06"]
[Round "5"]
[White "Lopez Rueda, Juan Pablo"]
[Black "Kanyamarala, Tarun"]
[Result "0-1"]
[WhiteElo "1884"]
[BlackElo "2369"]
[PlyCount "74"]
[EventDate "2020.10.06"]
[EventType "swiss (blitz)"]
[EventRounds "10"]
[EventCountry "USA"]
[SourceTitle "CBM 198 Extra"]
[Source "ChessBase"]
[SourceDate "2020.11.30"]
[SourceVersion "1"]
[SourceVersionDate "2020.11.30"]
[SourceQuality "1"]

1. e4 c5 2. Nf3 Nc6 3. Nc3 e5 4. Bc4 Be7 5. d3 d6 6. h3 Nf6 7. a3 0-0 8. 0-0 Nd7 9. Nd5 Nb6 10. Nxe7+ Qxe7 11. Ba2 Be6 12. Bg5 f6 13. Bxe6+ Qxe6 14. Be3 f5 15. exf5 Rxf5 16. Ng5 Qg6 17. Qg4 Raf8 18. Ne4 Qe6 19. Ng3 R5f6 20. Qxe6+ Rxe6 21. Rae1 Rg6 22. Ne4 Nd5 23. c3 Nd8 24. Bc1 Ne6 25. g3 Nef4 26. Bxf4 Nxf4 27. Rd1 Nxh3+ 28. Kh2 Ng5 29. Nxg5 Rxg5 30. Kg2 Rgf5 31. f3 R8f6 32. Rde1 Rg5 33. c4 Rfg6 34. g4 h5 35. Re4 hxg4 36. fxg4 Rxg4+ 37. Rxg4 Rxg4+ 0-1

[Event "Titled Tuesday intern op 06th Oct"]
[Site "Chess.com INT"]
[Date "2020.10.06"]
[Round "1"]
[White "Lopez Rueda, Juan Pablo"]
[Black "Sadovsky, Artem"]
[Result "1-0"]
[WhiteElo "1884"]
[BlackElo "2421"]
[PlyCount "109"]
[EventDate "2020.10.06"]
[EventType "swiss (blitz)"]
[EventRounds "10"]
[EventCountry "USA"]
[SourceTitle "CBM 198 Extra"]
[Source "ChessBase"]
[SourceDate "2020.11.30"]
[SourceVersion "1"]
[SourceVersionDate "2020.11.30"]
[SourceQuality "1"]

1. e4 c6 2. d4 d5 3. Nc3 dxe4 4. Nxe4 Nf6 5. Nxf6+ exf6 6. Nf3 Bd6 7. Bd3 0-0 8. 0-0 Bg4 9. h3 Bh5 10. Re1 Bc7 11. Qe2 Bxf3 12. Qxf3 Qxd4 13. Re4 Qd6 14. Bf4 Qd8 15. Bxc7 Qxc7 16. Rae1 Nd7 17. Rh4 g6 18. Rhe4 Qd6 19. Qe3 Nb6 20. c4 Rad8 21. Bf1 Kg7 22. c5 Qd2 23. cxb6 Qxb2 24. bxa7 Qxa2 25. Re7 Qa5 26. Rxb7 c5 27. Rb8 Rxb8 28. axb8Q Rxb8 29. Rc1 Rc8 30. Rc4 Qb6 31. Qc3 Qd6 32. g3 h5 33. Bg2 Rc7 34. Bf3 h4 35. Rxh4 Qe6 36. Kg2 Qd6 37. Qc1 g5 38. Rc4 Qe5 39. Qc3 Qd6 40. h4 gxh4 41. Rxh4 Kf8 42. Rc4 Kg7 43. Rf4 Re7 44. Rf5 Re5 45. Rxe5 fxe5 46. Qc4 f5 47. Bd5 Kf6 48. Bg8 e4 49. Qf7+ Ke5 50. Qc4 f4 51. gxf4+ Kxf4 52. Qf7+ Ke5 53. Qg7+ Kf4 54. Qg3+ Kf5 55. Qxd6 1-0

[Event "Titled Tuesday intern op 22nd Sept"]
[Site "Chess.com INT"]
[Date "2020.09.22"]
[Round "2"]
[White "Popadic, Dragan"]
[Black "Lopez Rueda, Juan Pablo"]
[Result "1-0"]
[WhiteElo "2171"]
[BlackElo "1884"]
[PlyCount "135"]
[EventDate "2020.09.22"]
[EventType "swiss (blitz)"]
[EventRounds "10"]
[EventCountry "USA"]
[SourceTitle "CBM 198 Extra"]
[Source "ChessBase"]
[SourceDate "2020.11.30"]
[SourceVersion "1"]
[SourceVersionDate "2020.11.30"]
[SourceQuality "1"]

1. e4 e5 2. Nf3 d6 3. d4 Nd7 4. Nc3 Be7 5. Bc4 Ngf6 6. 0-0 0-0 7. Re1 c6 8. a4 a5 9. h3 h6 10. Be3 Re8 11. Qd2 Bf8 12. dxe5 Nxe5 13. Nxe5 dxe5 14. Qe2 Be6 15. Rad1 Qc8 16. Bb6 Bxc4 17. Qxc4 Nh5 18. Ne2 Ra6 19. Be3 c5 20. Nc3 Rg6 21. Kh1 Qc6 22. Rd2 b6 23. Red1 Qf6 24. Nd5 Qh4 25. Nc3 Nf4 26. Bxf4 exf4 27. f3 Qg3 28. Qf1 Kh7 29. Qe1 Qg5 30. Qf2 Qf6 31. Rd7 Re5 32. R7d5 Re6 33. Rf5 Qe7 34. Qd2 Qe8 35. Qd7 Qxd7 36. Rxd7 f6 37. Rfd5 Rg5 38. Nb5 Be7 39. Nc7 Rxd5 40. Rxd5 Re5 41. Rxe5 fxe5 42. Nd5 Bd8 43. Kg1 Kg6 44. Kf1 Kf7 45. Ke2 Ke6 46. Kd3 Kd7 47. Kc4 Kc6 48. Nc3 g5 49. Ne2 Be7 50. Nc1 Bd6 51. Nd3 Bc7 52. c3 Bd6 53. Ne1 h5 54. Nd3 Bc7 55. Nf2 Bd6 56. Nd3 Bc7 57. b4 axb4 58. cxb4 cxb4 59. Nxb4+ Kd7 60. Kd5 Bd8 61. Nc6 Bc7 62. Nxe5+ Bxe5 63. Kxe5 Kc6 64. Kf6 Kc5 65. e5 Kb4 66. e6 Kxa4 67. e7 b5 68. e8Q 1-0

[Event "Titled Tuesday intern op 15th Sept"]
[Site "Chess.com INT"]
[Date "2020.09.15"]
[Round "5"]
[White "Grunberg, Mihai Lucian"]
[Black "Lopez Rueda, Juan Pablo"]
[Result "1-0"]
[WhiteElo "2401"]
[BlackElo "1884"]
[PlyCount "83"]
[EventDate "2020.09.15"]
[EventType "swiss (blitz)"]
[EventRounds "10"]
[EventCountry "USA"]
[SourceTitle "CBM 198 Extra"]
[Source "ChessBase"]
[SourceDate "2020.11.30"]
[SourceVersion "1"]
[SourceVersionDate "2020.11.30"]
[SourceQuality "1"]

1. Nf3 d5 2. c4 c6 3. g3 Nf6 4. Bg2 g6 5. 0-0 Bg7 6. d4 0-0 7. Qc2 Bf5 8. Qb3 Qb6 9. Nc3 Qxb3 10. axb3 Na6 11. Ne5 e6 12. Ra3 h6 13. Nxc6 bxc6 14. Rxa6 Rfb8 15. Rxc6 Rxb3 16. cxd5 exd5 17. Nxd5 Nxd5 18. Bxd5 Rb5 19. e4 Bh3 20. Rd1 Rc8 21. Rxc8+ Bxc8 22. b3 Be6 23. Bxe6 fxe6 24. Rd3 Kf7 25. Be3 a5 26. Kf1 Bf8 27. Ke2 Bb4 28. Kd1 h5 29. Bd2 Bd6 30. Kc2 Be7 31. Kc3 Rb4 32. Kc2 Rb5 33. f4 Bf6 34. Bc3 Be7 35. Rd1 Ke8 36. Ra1 Bd8 37. Ra4 Kd7 38. Kd3 Kc6 39. Rc4+ Kd6 40. Rc8 Kd7 41. Ra8 Bb6 42. Kc4 1-0

[Event "Titled Tuesday intern op 15th Sept"]
[Site "Chess.com INT"]
[Date "2020.09.15"]
[Round "3"]
[White "Lopez Rueda, Juan Pablo"]
[Black "Oliveira, Silvio Eduardo"]
[Result "1-0"]
[WhiteElo "1884"]
[BlackElo "2280"]
[PlyCount "43"]
[EventDate "2020.09.15"]
[EventType "swiss (blitz)"]
[EventRounds "10"]
[EventCountry "USA"]
[SourceTitle "CBM 198 Extra"]
[Source "ChessBase"]
[SourceDate "2020.11.30"]
[SourceVersion "1"]
[SourceVersionDate "2020.11.30"]
[SourceQuality "1"]

1. e4 c5 2. Nf3 Nc6 3. Nc3 d6 4. g3 g6 5. Bg2 Bg7 6. 0-0 Nf6 7. Re1 Bg4 8. h3 Bxf3 9. Qxf3 Nd4 10. Qd1 Rb8 11. Nd5 0-0 12. Nxf6+ Bxf6 13. c3 Nc6 14. d4 cxd4 15. Bh6 Re8 16. cxd4 Nxd4 17. f4 Nc6 18. Qb3 Nd4 19. Qa4 Qb6 20. Kh2 Rbc8 21. Rad1 Rc2 22. Qxe8# 1-0

[Event "Titled Tuesday intern op 15th Sept"]
[Site "Chess.com INT"]
[Date "2020.09.15"]
[Round "2"]
[White "Lopez Rueda, Juan Pablo"]
[Black "Yi, Danny"]
[Result "1-0"]
[WhiteElo "1884"]
[BlackElo "2266"]
[PlyCount "59"]
[EventDate "2020.09.15"]
[EventType "swiss (blitz)"]
[EventRounds "10"]
[EventCountry "USA"]
[SourceTitle "CBM 198 Extra"]
[Source "ChessBase"]
[SourceDate "2020.11.30"]
[SourceVersion "1"]
[SourceVersionDate "2020.11.30"]
[SourceQuality "1"]

1. e4 c5 2. Nf3 Nc6 3. Nc3 Nf6 4. g3 d6 5. Bg2 a6 6. 0-0 b5 7. d3 Bb7 8. Re1 e6 9. Bf4 Be7 10. e5 Nh5 11. exd6 Bxd6 12. Bxd6 Qxd6 13. Ne5 Nf6 14. Nxc6 Bxc6 15. Ne4 Nxe4 16. dxe4 0-0-0 17. Qe2 h5 18. a4 h4 19. axb5 Bxb5 20. c4 Bd7 21. e5 Qb6 22. Qf3 Kc7 23. Qxf7 hxg3 24. hxg3 Rdf8 25. Qxg7 Qxb2 26. Rf1 Rhg8 27. Qe7 Qxe5 28. Rxa6 Re8 29. Ra7+ Kb8 30. Qxd7 1-0

[Event "Titled Tuesday intern op 21st July"]
[Site "Chess.com INT"]
[Date "2020.07.21"]
[Round "2"]
[White "Filippova, Margarita"]
[Black "Lopez Rueda, Juan Pablo"]
[Result "1-0"]
[WhiteElo "1931"]
[BlackElo "1884"]
[PlyCount "41"]
[EventDate "2020.07.21"]
[EventType "swiss (blitz)"]
[EventRounds "10"]
[EventCountry "USA"]
[SourceTitle "CBM 197 Extra"]
[Source "ChessBase"]
[SourceDate "2020.09.30"]
[SourceVersion "1"]
[SourceVersionDate "2020.09.30"]
[SourceQuality "1"]

1. Nf3 Nf6 2. d4 g6 3. c4 Bg7 4. Nc3 d6 5. e4 Nbd7 6. Be2 e5 7. 0-0 0-0 8. Qc2 c6 9. Rd1 Qc7 10. b4 a6 11. Rb1 Re8 12. dxe5 Nxe5 13. Nd4 Ned7 14. Bf4 Ne5 15. b5 axb5 16. cxb5 Nfd7 17. bxc6 bxc6 18. Ncb5 Qb8 19. Nxc6 Nxc6 20. Qxc6 Rxa2 21. Nxd6 1-0

[Event "Titled Tuesday intern op 14th July"]
[Site "Chess.com INT"]
[Date "2020.07.14"]
[Round "1"]
[White "Lopez Rueda, Juan Pablo"]
[Black "Morefield, Jason P"]
[Result "0-1"]
[WhiteElo "1884"]
[BlackElo "2227"]
[PlyCount "58"]
[EventDate "2020.07.14"]
[EventType "swiss (blitz)"]
[EventRounds "10"]
[EventCountry "USA"]
[SourceTitle "CBM 197 Extra"]
[Source "ChessBase"]
[SourceDate "2020.09.30"]
[SourceVersion "1"]
[SourceVersionDate "2020.09.30"]
[SourceQuality "1"]

1. e4 c5 2. Nf3 Nc6 3. Nc3 e5 4. Bb5 d6 5. d3 Be7 6. h3 Nf6 7. Bg5 Nd7 8. Be3 0-0 9. 0-0 Nd4 10. Bc4 a6 11. a4 Rb8 12. Nd5 b5 13. Nxe7+ Qxe7 14. axb5 axb5 15. Bd5 Bb7 16. Bxb7 Rxb7 17. c3 Ne6 18. d4 cxd4 19. cxd4 exd4 20. Nxd4 Nec5 21. f3 g6 22. Nc6 Qe6 23. b4 Na4 24. Qd3 Ne5 25. Nxe5 dxe5 26. Rfd1 Nb2 27. Qd5 Nxd1 28. Qxe6 fxe6 29. Bc5 Rd8 0-1

[Event "Titled Tuesday intern op 14th July"]
[Site "Chess.com INT"]
[Date "2020.07.14"]
[Round "4"]
[White "Lopez Rueda, Juan Pablo"]
[Black "Xie, Bryan"]
[Result "1-0"]
[WhiteElo "1884"]
[BlackElo "2050"]
[PlyCount "65"]
[EventDate "2020.07.14"]
[EventType "swiss (blitz)"]
[EventRounds "10"]
[EventCountry "USA"]
[SourceTitle "CBM 197 Extra"]
[Source "ChessBase"]
[SourceDate "2020.09.30"]
[SourceVersion "1"]
[SourceVersionDate "2020.09.30"]
[SourceQuality "1"]

1. e4 c5 2. Nf3 d6 3. d4 cxd4 4. Nxd4 Nf6 5. Nc3 g6 6. Be3 Bg7 7. f3 0-0 8. Qd2 Nc6 9. Bc4 Bd7 10. 0-0-0 Rc8 11. Bb3 Nxd4 12. Bxd4 b5 13. Bxa7 Qa5 14. Qf2 Rxc3 15. bxc3 Qa3+ 16. Kd2 Rc8 17. Bd4 e5 18. Be3 d5 19. exd5 e4 20. Bd4 exf3 21. gxf3 Qd6 22. Kc1 Qa3+ 23. Kb1 b4 24. cxb4 Ne8 25. Bxg7 Kxg7 26. Qd4+ Kg8 27. Rhe1 Rb8 28. c3 Ba4 29. Qc4 Bxb3 30. Qxb3 Qa7 31. d6 Nf6 32. Re7 Nd7 33. Qxf7+ 1-0

[Event "Titled Tuesday intern op 7th July"]
[Site "Chess.com INT"]
[Date "2020.07.07"]
[Round "1"]
[White "Morefield, Jason P"]
[Black "Lopez Rueda, Juan Pablo"]
[Result "1-0"]
[WhiteElo "2227"]
[BlackElo "1884"]
[PlyCount "33"]
[EventDate "2020.07.07"]
[EventType "swiss (blitz)"]
[EventRounds "10"]
[EventCountry "USA"]
[SourceTitle "CBM 197 Extra"]
[Source "ChessBase"]
[SourceDate "2020.09.30"]
[SourceVersion "1"]
[SourceVersionDate "2020.09.30"]
[SourceQuality "1"]

1. d4 Nf6 2. c4 g6 3. Nc3 Bg7 4. e4 d6 5. f3 Nbd7 6. Be3 0-0 7. Nge2 e5 8. d5 a5 9. Qd2 b6 10. g4 Nc5 11. Ng3 a4 12. h4 Bd7 13. h5 Re8 14. Bh6 Bh8 15. Nf5 Bxf5 16. gxf5 Nxh5 17. Rxh5 1-0

[Event "Titled Tuesday intern op 16th June"]
[Site "Chess.com INT"]
[Date "2020.06.16"]
[Round "7"]
[White "Belenkaya, Dina"]
[Black "Lopez Rueda, Juan Pablo"]
[Result "1-0"]
[WhiteElo "2297"]
[BlackElo "1884"]
[PlyCount "73"]
[EventDate "2020.06.16"]
[EventType "swiss (blitz)"]
[EventRounds "10"]
[EventCountry "USA"]
[SourceTitle "EXT 2021"]
[Source "ChessBase"]
[SourceDate "2020.10.23"]
[SourceVersion "1"]
[SourceVersionDate "2020.10.23"]
[SourceQuality "1"]

1. e4 c5 2. Nc3 Nc6 3. g3 g6 4. Bg2 Bg7 5. Nge2 d6 6. d3 Nf6 7. Bg5 h6 8. Be3 a6 9. h3 Rb8 10. Qd2 Bd7 11. 0-0 b5 12. f4 e6 13. e5 dxe5 14. Bxc5 exf4 15. Qxf4 Ne7 16. Bxe7 Kxe7 17. Ne4 Qb6+ 18. Kh2 g5 19. Qe5 Ne8 20. Qc5+ Qxc5 21. Nxc5 Bc8 22. d4 Nd6 23. c3 a5 24. a3 Nc4 25. b4 Ne3 26. Rf3 Nxg2 27. Kxg2 a4 28. Nc1 h5 29. N1d3 g4 30. hxg4 hxg4 31. Rf4 f5 32. Re1 Rb6 33. Rxf5 Bh6 34. Rff1 Bd2 35. Re4 Bxc3 36. Rxg4 Bd7 37. Rg7+ 1-0

[Event "Titled Tuesday intern op 16th June"]
[Site "Chess.com INT"]
[Date "2020.06.16"]
[Round "6"]
[White "Lopez Rueda, Juan Pablo"]
[Black "Sahil, Tickoo"]
[Result "0-1"]
[WhiteElo "1884"]
[BlackElo "2245"]
[PlyCount "86"]
[EventDate "2020.06.16"]
[EventType "swiss (blitz)"]
[EventRounds "10"]
[EventCountry "USA"]
[SourceTitle "EXT 2021"]
[Source "ChessBase"]
[SourceDate "2020.10.23"]
[SourceVersion "1"]
[SourceVersionDate "2020.10.23"]
[SourceQuality "1"]

1. e4 c5 2. Nf3 d6 3. d4 cxd4 4. Nxd4 Nf6 5. Nc3 a6 6. Bg5 e6 7. f4 Be7 8. Qf3 Qc7 9. 0-0-0 Nbd7 10. g4 h6 11. Bxf6 Bxf6 12. h4 Nb6 13. Be2 Bd7 14. g5 Bxd4 15. Rxd4 0-0-0 16. Rhd1 hxg5 17. hxg5 Bc6 18. f5 e5 19. R4d2 Kb8 20. Kb1 Rh4 21. Nd5 Bxd5 22. exd5 Rf4 23. Qh3 Qd7 24. Bg4 Qa4 25. Be2 Nc4 26. Bxc4 Qxc4 27. Qh7 Qe4 28. Qxg7 Qxf5 29. a3 Rc8 30. Rh2 Rf1 31. Rxf1 Qxf1+ 32. Ka2 Qc4+ 33. Kb1 Qxd5 34. Qf6 e4 35. b3 e3 36. Qf1 Qxg5 37. Re2 Qe5 38. Qe1 Re8 39. Qb4 f5 40. Ka2 f4 41. a4 f3 42. Re1 e2 43. Qc4 f2 0-1